[Event "London Classic op"]
[Site "London ENG"]
[Date "2015.12.10"]
[Round "8"]
[White "Bok, Benjamin"]
[Black "Hansen, Eric"]
[Result "1-0"]
[WhiteElo "2591"]
[BlackElo "2573"]
[PlyCount "135"]
[GameId "2130307650357454"]
[EventDate "2015.12.04"]
[EventType "swiss"]
[EventRounds "9"]
[EventCountry "ENG"]
[SourceTitle "Mega2016 Update 11"]
[Source "Chessbase"]
[SourceDate "2015.12.18"]
[SourceVersion "1"]
[SourceVersionDate "2015.12.18"]
[SourceQuality "1"]

1. d4 Nf6 2. c4 e6 3. Nf3 d5 4. g3 Bb4+ 5. Bd2 Be7 6. Bg2 O-O 7. O-O c6 8. Qc2 b6 9. Rd1 Ba6 10. Ne5 Nfd7 11. cxd5 Nxe5 12. d6 Qxd6 13. Bf4 Rc8 14. Bxe5 Qd8 15. Nc3 Nd7 16. Ne4 Bb7 17. Nd6 Bxd6 18. Bxd6 Nf6 19. Be5 Qe7 20. Qa4 Nd5 21. e4 Nf6 22. Rac1 Nd7 23. Bf4 c5 24. d5 e5 25. Be3 Qd6 26. Bh3 Rd8 27. a3 a5 28. Qb5 a4 29. b4 axb3 30. Qxb3 h6 31. Rb1 Ba6 32. Rd2 Ra7 33. Rdb2 Rda8 34. Qc3 Bc8 35. Bxd7 Qxd7 36. Rxb6 Rxa3 37. Qxe5 f6 38. Qe6+ Qxe6 39. dxe6 c4 40. Rc6 R3a6 41. e7 Kf7 42. Rxc4 Kxe7 43. Rc7+ Kf8 44. Kg2 Re6 45. f3 Ra2+ 46. Bf2 Re8 47. g4 Ra8 48. Kg3 Ba6 49. Rb6 Reb8 50. Rd6 Rd8 51. e5 Rxd6 52. exd6 Bb5 53. Bb6 Rb8 54. Ba5 Ra8 55. Bb6 Rb8 56. Ba5 Ra8 57. Bb4 Rd8 58. f4 Bd7 59. Ba5 Ke8 60. Rc3 Ra8 61. Re3+ Kf8 62. Re7 Rxa5 63. Rxd7 g5 64. Rh7 Ra3+ 65. Kf2 Rd3 66. fxg5 hxg5 67. d7 Rd6 68. Ke3 1-0

[Event "London Classic op"]
[Site "London ENG"]
[Date "2015.12.11"]
[Round "9"]
[White "Hansen, Eric"]
[Black "Swayams, Mishra"]
[Result "1-0"]
[WhiteElo "2573"]
[BlackElo "2468"]
[PlyCount "77"]
[GameId "2130307650365743"]
[EventDate "2015.12.04"]
[EventType "swiss"]
[EventRounds "9"]
[EventCountry "ENG"]
[SourceTitle "Mega2016 Update 11"]
[Source "Chessbase"]
[SourceDate "2015.12.18"]
[SourceVersion "1"]
[SourceVersionDate "2015.12.18"]
[SourceQuality "1"]

1. c4 e6 2. Nf3 Nf6 3. d4 b6 4. a3 Bb7 5. Nc3 Ne4 6. Nxe4 Bxe4 7. Nd2 Bg6 8. g3 d5 9. Bg2 Be7 10. O-O O-O 11. e4 Nc6 12. cxd5 exd5 13. f4 dxe4 14. f5 Qxd4+ 15. Kh1 Bxf5 16. Rxf5 Rad8 17. Qf1 g6 18. Bxe4 Ne5 19. Rf2 f5 20. Bg2 Nd3 21. Re2 Bc5 22. Nf3 Nf2+ 23. Rxf2 Qxf2 24. Bh6 Qxb2 25. Bxf8 Rxf8 26. Qc4+ Kh8 27. Rd1 Qxa3 28. Ng5 Be7 29. Ne6 Rf6 30. Qxc7 h6 31. Qc8+ Kh7 32. Bd5 Bf8 33. Nf4 Qc5 34. Qd7+ Qe7 35. Be6 Qxd7 36. Rxd7+ Bg7 37. Bd5 Kh8 38. Ne6 Bf8 39. Rd8 1-0

[Event "Cultural Village"]
[Site "Wijk aan Zee NED"]
[Date "2015.11.16"]
[Round "1"]
[White "Pruijssers, Roeland"]
[Black "Hansen, Eric"]
[Result "0-1"]
[WhiteElo "2498"]
[BlackElo "2573"]
[PlyCount "78"]
[GameId "2130307650716001"]
[EventDate "2015.11.16"]
[EventType "tourn"]
[EventRounds "9"]
[EventCountry "NED"]
[EventCategory "7"]
[SourceTitle "Mega2016 Update 09"]
[Source "Chessbase"]
[SourceDate "2015.12.04"]
[SourceVersion "1"]
[SourceVersionDate "2015.12.04"]
[SourceQuality "1"]

1. e4 e5 2. Nf3 Nc6 3. Bb5 Nf6 4. d3 Bc5 5. Bxc6 dxc6 6. O-O Nd7 7. Nbd2 O-O 8. b3 Re8 9. Bb2 f6 10. Nc4 Nf8 11. Nh4 Ne6 12. Qd2 Nf4 13. g3 Ng6 14. Nxg6 hxg6 15. Kg2 Qd7 16. Kh1 Qh3 17. f4 exf4 18. Qxf4 Bg4 19. Rae1 g5 20. Qd2 Rad8 21. b4 Rxe4 22. dxe4 Rxd2 23. Nxd2 Bxb4 24. c3 Bc5 25. e5 Be6 26. c4 f5 27. Rf3 g4 28. Rd3 b5 29. Ba3 Bb6 30. Rd8+ Kh7 31. Re8 Qh6 32. Bc1 Qg6 33. Re7 bxc4 34. h4 gxh3 35. Nf1 Qg4 36. Kh2 Qf3 37. Kxh3 Qh5+ 38. Kg2 Bd5+ 39. Re4 Bxe4# 0-1

[Event "Cultural Village"]
[Site "Wijk aan Zee NED"]
[Date "2015.11.17"]
[Round "2"]
[White "Hansen, Eric"]
[Black "Abasov, Nijat Azad"]
[Result "1/2-1/2"]
[WhiteElo "2573"]
[BlackElo "2544"]
[PlyCount "103"]
[GameId "2130307650720100"]
[EventDate "2015.11.16"]
[EventType "tourn"]
[EventRounds "9"]
[EventCountry "NED"]
[EventCategory "7"]
[SourceTitle "Mega2016 Update 09"]
[Source "Chessbase"]
[SourceDate "2015.12.04"]
[SourceVersion "1"]
[SourceVersionDate "2015.12.04"]
[SourceQuality "1"]

1. e4 c5 2. Nf3 Nc6 3. Bb5 g6 4. Bxc6 bxc6 5. O-O Bg7 6. Re1 Nh6 7. c3 O-O 8. d4 cxd4 9. cxd4 d5 10. e5 f6 11. Bxh6 Bxh6 12. Qc2 Bf5 13. Qc3 Qb6 14. Nbd2 a5 15. Nb3 a4 16. Nc5 Qa5 17. Qa3 Rab8 18. h3 Qb4 19. Qxb4 Rxb4 20. b3 Be4 21. Nxe4 dxe4 22. Rxe4 axb3 23. axb3 Rxb3 24. exf6 exf6 25. Re6 Rc3 26. Ra6 c5 27. dxc5 Rc1+ 28. Kh2 Rxc5 29. Rxf6 Rxf6 30. Rxf6 Rc2 31. Ne1 Rd2 32. Rf3 Bf8 33. Nd3 Bd6+ 34. g3 Kg7 35. Kg2 h5 36. h4 Rc2 37. Re3 Rd2 38. Kf3 Kf6 39. Ke4 g5 40. Rf3+ Kg6 41. hxg5 Kxg5 42. Rf5+ Kg4 43. Rf6 Re2+ 44. Kd5 Bb8 45. Rf8 Bc7 46. Rf7 Bb8 47. Rg7+ Kf3 48. Rg5 Rd2 49. Kc4 Rxd3 50. Kxd3 Kxf2 51. Ke4 Bxg3 52. Rxh5 1/2-1/2

[Event "Cultural Village"]
[Site "Wijk aan Zee NED"]
[Date "2015.11.18"]
[Round "3.3"]
[White "Kevlishvili, Robby"]
[Black "Hansen, Eric"]
[Result "0-1"]
[WhiteElo "2354"]
[BlackElo "2573"]
[PlyCount "104"]
[GameId "2130307650720108"]
[EventDate "2015.11.16"]
[EventType "tourn"]
[EventRounds "9"]
[EventCountry "NED"]
[EventCategory "7"]
[SourceTitle "The Week in Chess 1098"]
[Source "Mark Crowther"]
[SourceDate "2015.11.23"]
[SourceVersion "1"]
[SourceVersionDate "2015.11.23"]
[SourceQuality "2"]

1. e4 e5 2. Nf3 Nc6 3. Bb5 a6 4. Ba4 Nf6 5. O-O Be7 6. Re1 b5 7. Bb3 d6 8. c3 O-O 9. h3 Na5 10. Bc2 c5 11. d4 Nd7 12. d5 Nb6 13. b3 Nb7 14. Nh2 c4 15. Nf1 cxb3 16. axb3 Nc5 17. Ne3 Bd7 18. Nd2 g6 19. Qf3 Bf6 20. Ndf1 Bg7 21. g4 a5 22. Ng3 Qh4 23. Kg2 Rfc8 24. Rh1 a4 25. b4 Nb3 26. Bxb3 axb3 27. Rxa8 Nxa8 28. Qd1 Rxc3 29. Bb2 Rc8 30. Qxb3 Nb6 31. Rc1 Qd8 32. Rxc8 Qxc8 33. Qc2 Qb7 34. Bc1 Bf6 35. Bd2 Qa7 36. Ne2 Bd8 37. Nc1 Bh4 38. Nb3 Nc4 39. Bc1 Qb6 40. Nxc4 bxc4 41. Na5 Ba4 42. Qd2 c3 43. Qe2 Qxb4 44. Nc6 Qb1 45. Qe3 Bc2 46. f3 Bd3 47. Nb4 Qxb4 48. Qxd3 Qd4 49. Qe2 h6 50. Kf1 Bg5 51. Ba3 Qa4 52. Bxd6 c2 0-1

[Event "Cultural Village"]
[Site "Wijk aan Zee NED"]
[Date "2015.11.19"]
[Round "4.4"]
[White "Hansen, Eric"]
[Black "Lai, Hing Ting"]
[Result "1-0"]
[WhiteElo "2573"]
[BlackElo "2319"]
[PlyCount "61"]
[GameId "2130307650720113"]
[EventDate "2015.11.16"]
[EventType "tourn"]
[EventRounds "9"]
[EventCountry "NED"]
[EventCategory "7"]
[SourceTitle "The Week in Chess 1098"]
[Source "Mark Crowther"]
[SourceDate "2015.11.23"]
[SourceVersion "1"]
[SourceVersionDate "2015.11.23"]
[SourceQuality "2"]

1. e4 c6 2. d4 d5 3. e5 Bf5 4. Nf3 e6 5. Be2 c5 6. Be3 cxd4 7. Nxd4 Ne7 8. Nd2 Nbc6 9. N2f3 Be4 10. O-O Ng6 11. Nxc6 bxc6 12. Ng5 Be7 13. Nxe4 dxe4 14. Qd4 Qd5 15. Rfd1 O-O 16. Qc3 Qxe5 17. Bd4 Nf4 18. Bf1 Qg5 19. Qxc6 Bf6 20. g3 Nd5 21. c4 Rfc8 22. Qd6 Rd8 23. Qa3 Bxd4 24. Rxd4 Nf6 25. Rad1 Rxd4 26. Rxd4 h5 27. b4 e5 28. Rd6 Qf5 29. Qe3 h4 30. gxh4 Rc8 31. Bh3 1-0

[Event "Cultural Village"]
[Site "Wijk aan Zee NED"]
[Date "2015.11.20"]
[Round "5"]
[White "Kerigan, Demre"]
[Black "Hansen, Eric"]
[Result "0-1"]
[WhiteElo "2388"]
[BlackElo "2573"]
[PlyCount "86"]
[GameId "2130307650720115"]
[EventDate "2015.11.16"]
[EventType "tourn"]
[EventRounds "9"]
[EventCountry "NED"]
[EventCategory "7"]
[SourceTitle "Mega2016 Update 09"]
[Source "Chessbase"]
[SourceDate "2015.12.04"]
[SourceVersion "1"]
[SourceVersionDate "2015.12.04"]
[SourceQuality "1"]

1. e4 c5 2. Nf3 d6 3. Bb5+ Nd7 4. O-O a6 5. Bd3 Ngf6 6. c3 b5 7. Bc2 Bb7 8. Re1 e6 9. d4 Be7 10. Nbd2 cxd4 11. cxd4 O-O 12. Nf1 Rc8 13. Ng3 Qc7 14. Bd3 Rfe8 15. Bd2 Qb8 16. a4 Bc6 17. Qb1 g6 18. h4 Bf8 19. h5 Bg7 20. hxg6 hxg6 21. Ng5 Qb6 22. e5 dxe5 23. Bxg6 fxg6 24. Qxg6 Re7 25. Nxe6 Be4 26. Rxe4 Nxe4 27. Nf5 Qxe6 28. Nxe7+ Qxe7 29. Qxe4 Nf6 30. Qxe5 Qxe5 31. dxe5 Ne4 32. Be3 Bxe5 33. axb5 axb5 34. Ra5 Nd6 35. b3 Rc3 36. Ra3 Kf7 37. Kf1 b4 38. Ra5 Ke6 39. Ke2 Rxb3 40. Ra6 Kd7 41. Ra7+ Kc6 42. Ra5 Nb5 43. g4 Ra3 0-1

[Event "Cultural Village"]
[Site "Wijk aan Zee NED"]
[Date "2015.11.22"]
[Round "6"]
[White "Duijker, Rick"]
[Black "Hansen, Eric"]
[Result "0-1"]
[WhiteElo "2291"]
[BlackElo "2573"]
[PlyCount "102"]
[GameId "2130307650720120"]
[EventDate "2015.11.16"]
[EventType "tourn"]
[EventRounds "9"]
[EventCountry "NED"]
[EventCategory "7"]
[SourceTitle "Mega2016 Update 09"]
[Source "Chessbase"]
[SourceDate "2015.12.04"]
[SourceVersion "1"]
[SourceVersionDate "2015.12.04"]
[SourceQuality "1"]

1. c4 g6 2. Nc3 Bg7 3. g3 Nf6 4. Bg2 O-O 5. e4 e5 6. Nge2 Nc6 7. O-O Nh5 8. d3 d6 9. f4 exf4 10. gxf4 f5 11. Be3 Be6 12. Nd5 Qd7 13. Qd2 Rae8 14. Rae1 Kh8 15. b4 a6 16. a4 fxe4 17. dxe4 Bh3 18. b5 Bxg2 19. Kxg2 Nd8 20. Ndc3 Qg4+ 21. Ng3 Ne6 22. Nce2 Nxg3 23. Nxg3 Bh6 24. f5 Ng5 25. Qd4+ Re5 26. Bf4 Bg7 27. f6 Bxf6 28. Bxe5 dxe5 29. Qc5 Ne6 30. Qa3 Kg7 31. Rd1 Rf7 32. c5 axb5 33. axb5 h5 34. Qf3 Qxf3+ 35. Rxf3 Nxc5 36. Rdf1 h4 37. Ne2 Nxe4 38. Re3 Nd2 39. Rd1 Bg5 40. Rd3 Nc4 41. Rb1 e4 42. Rd4 Nd2 43. Rd1 e3 44. Nc3 Bf6 45. Rd3 Bxc3 46. Rxc3 Rf2+ 47. Kh3 e2 48. Rxc7+ Rf7 49. Rxf7+ Kxf7 50. Re1 Nf3 51. Rxe2 Ng1+ 0-1

[Event "Cultural Village"]
[Site "Wijk aan Zee NED"]
[Date "2015.11.23"]
[Round "7"]
[White "Hansen, Eric"]
[Black "Khomeriki, Nino"]
[Result "0-1"]
[WhiteElo "2573"]
[BlackElo "2308"]
[PlyCount "40"]
[GameId "2130307650720125"]
[EventDate "2015.11.16"]
[EventType "tourn"]
[EventRounds "9"]
[EventCountry "NED"]
[EventCategory "7"]
[SourceTitle "Mega2016 Update 09"]
[Source "Chessbase"]
[SourceDate "2015.12.04"]
[SourceVersion "1"]
[SourceVersionDate "2015.12.04"]
[SourceQuality "1"]

1. d4 Nf6 2. c4 c5 3. d5 e6 4. Nc3 exd5 5. cxd5 d6 6. e4 g6 7. f4 Bg7 8. Bb5+ Nfd7 9. Nf3 O-O 10. O-O a6 11. Bd3 b5 12. Qe1 Re8 13. Qg3 b4 14. Na4 Nf6 15. f5 Bd7 16. Ng5 Bxa4 17. e5 Rxe5 18. fxg6 fxg6 19. Nxh7 Nxh7 20. Qxg6 Qh4 0-1

[Event "Cultural Village"]
[Site "Wijk aan Zee NED"]
[Date "2015.11.24"]
[Round "8"]
[White "Ris, Robert"]
[Black "Hansen, Eric"]
[Result "1/2-1/2"]
[WhiteElo "2406"]
[BlackElo "2573"]
[PlyCount "107"]
[GameId "2130307650720133"]
[EventDate "2015.11.16"]
[EventType "tourn"]
[EventRounds "9"]
[EventCountry "NED"]
[EventCategory "7"]
[SourceTitle "Mega2016 Update 09"]
[Source "Chessbase"]
[SourceDate "2015.12.04"]
[SourceVersion "1"]
[SourceVersionDate "2015.12.04"]
[SourceQuality "1"]

1. Nf3 g6 2. g3 Bg7 3. d4 Nf6 4. Bg2 O-O 5. O-O d5 6. Nbd2 Nc6 7. c3 Re8 8. Re1 e5 9. Nxe5 Nxe5 10. dxe5 Rxe5 11. e4 Qe7 12. Nb3 dxe4 13. Bf4 Rd5 14. Qc2 Bf5 15. Nd4 Bd7 16. Qb3 Qc5 17. Qxb7 Rc8 18. Bxe4 Nxe4 19. Rxe4 Bh3 20. Qxc8+ Bxc8 21. Re8+ Bf8 22. Bh6 Bd7 23. Rxf8+ Qxf8 24. Bxf8 Kxf8 25. Re1 Ra5 26. a3 c5 27. Re5 f6 28. Rd5 Ke7 29. f4 Ra4 30. Nc2 Ra5 31. Nd4 Ra4 32. Nc2 Ra5 33. Kf2 Be6 34. Rd2 Rb5 35. Ne1 a5 36. Ke3 Bf5 37. Nd3 a4 38. Nf2 Rb6 39. g4 Bb1 40. Re2 h5 41. Kf3+ Kf7 42. gxh5 gxh5 43. Rd2 Ke6 44. Nd1 Kf7 45. Ne3 Rb7 46. Nc4 Ke6 47. Rd6+ Ke7 48. Rd2 Ke6 49. h4 Ba2 50. f5+ Ke7 51. Re2+ Kd7 52. Rd2+ Ke7 53. Re2+ Kd7 54. Rd2+ 1/2-1/2

[Event "Cultural Village"]
[Site "Wijk aan Zee NED"]
[Date "2015.11.25"]
[Round "9"]
[White "Hansen, Eric"]
[Black "Derakhshani, Dorsa"]
[Result "1-0"]
[WhiteElo "2573"]
[BlackElo "2365"]
[PlyCount "89"]
[GameId "2130307650720134"]
[EventDate "2015.11.16"]
[EventType "tourn"]
[EventRounds "9"]
[EventCountry "NED"]
[EventCategory "7"]
[SourceTitle "Mega2016 Update 09"]
[Source "Chessbase"]
[SourceDate "2015.12.04"]
[SourceVersion "1"]
[SourceVersionDate "2015.12.04"]
[SourceQuality "1"]

1. e4 e5 2. Nf3 Nc6 3. Bb5 Nf6 4. d3 d6 5. c3 a6 6. Ba4 g6 7. O-O Bg7 8. Re1 O-O 9. Nbd2 b5 10. Bc2 d5 11. a4 Bb7 12. Nb3 Qd6 13. Be3 Nd7 14. Qe2 d4 15. Bd2 Nc5 16. Nxc5 Qxc5 17. Bb3 Qb6 18. h4 Na5 19. Ba2 bxa4 20. cxd4 exd4 21. Bxa5 Qxa5 22. Qc2 c5 23. h5 Rab8 24. Rec1 Rbc8 25. Bc4 Bc6 26. b3 Bh6 27. Rcb1 Qc3 28. Qd1 Bb5 29. hxg6 hxg6 30. Ne5 Kg7 31. bxa4 Bxc4 32. Nxc4 Rb8 33. g3 Rb4 34. Kg2 Rfb8 35. Nd6 Bg5 36. Qf3 f6 37. Rh1 Rb3 38. e5 Qa5 39. exf6+ Bxf6 40. Rh7+ Kxh7 41. Qxf6 Rb1 42. Qe7+ Kh6 43. Nf7+ Kg7 44. Ng5+ Kh6 45. Ne6 1-0

[Event "Wch-Blitz"]
[Site "Berlin GER"]
[Date "2015.10.13"]
[Round "1"]
[White "Hansen, Eric"]
[Black "Savchenko, Boris"]
[Result "1-0"]
[WhiteElo "2573"]
[BlackElo "2567"]
[PlyCount "89"]
[GameId "2130307652031667"]
[EventDate "2015.10.13"]
[EventType "swiss (blitz)"]
[EventRounds "21"]
[EventCountry "GER"]
[SourceTitle "Mega2015 Update 47"]
[Source "Chessbase"]
[SourceDate "2015.10.16"]
[SourceVersion "1"]
[SourceVersionDate "2015.10.16"]
[SourceQuality "1"]

1. e4 c5 2. Nf3 g6 3. c4 d6 4. d4 cxd4 5. Nxd4 Nc6 6. Nc3 Bg7 7. Be3 Qb6 8. Nb3 Bxc3+ 9. bxc3 Qc7 10. c5 dxc5 11. Bxc5 Qe5 12. Qc2 f5 13. O-O-O fxe4 14. Bb5 Nf6 15. Rhe1 O-O 16. f3 Bf5 17. Kb2 exf3 18. Qc1 Qxh2 19. Rd2 fxg2 20. Bc4+ Kg7 21. Bg1 Qh4 22. Bb5 e5 23. Rxg2 a6 24. Bxc6 bxc6 25. Rxe5 Rab8 26. Rh2 Qc4 27. Bd4 Kf7 28. Qh6 Rfe8 29. Rxf5 Re2+ 30. Kc1 Re1+ 31. Kd2 Ke8 32. Kxe1 Ng4 33. Qf8+ Kd7 34. Rf7+ Ke6 35. Qe7+ Kd5 36. Qd7+ Ke4 37. Re2+ Kd3 38. Rd2+ Ke4 39. Qxg4+ Kd5 40. Qd7+ Ke4 41. Re7+ Kf4 42. Rf2+ Kg5 43. Be3+ Kh4 44. Rh2+ Kg3 45. Qh3# 1-0

[Event "Wch-Blitz"]
[Site "Berlin GER"]
[Date "2015.10.13"]
[Round "2"]
[White "Malakhov, Vladimir"]
[Black "Hansen, Eric"]
[Result "1-0"]
[WhiteElo "2694"]
[BlackElo "2573"]
[PlyCount "137"]
[GameId "2130307652035872"]
[EventDate "2015.10.13"]
[EventType "swiss (blitz)"]
[EventRounds "21"]
[EventCountry "GER"]
[SourceTitle "Mega2015 Update 47"]
[Source "Chessbase"]
[SourceDate "2015.10.16"]
[SourceVersion "1"]
[SourceVersionDate "2015.10.16"]
[SourceQuality "1"]

1. e4 e5 2. Nf3 Nc6 3. Bb5 Nf6 4. d3 Bc5 5. Bxc6 dxc6 6. Nbd2 Be6 7. Nb3 Bd6 8. Na5 Rb8 9. Bd2 O-O 10. h3 Qe8 11. b4 b6 12. Nb3 Nd7 13. O-O h6 14. a4 f5 15. exf5 Rxf5 16. Bc3 Qf8 17. b5 c5 18. Nbd2 Rf4 19. Qe2 Bd5 20. Ne4 Re8 21. Nfd2 Nf6 22. Nxf6+ gxf6 23. f3 Qf7 24. Ne4 f5 25. Nxd6 cxd6 26. g3 Rd4 27. Bxd4 cxd4 28. Qd2 Qg7 29. Kh2 Rc8 30. a5 Kh7 31. axb6 axb6 32. Ra6 Qc7 33. Rf2 Qc5 34. Ra7+ Kg6 35. f4 e4 36. dxe4 Bxe4 37. Qe2 Qxc2 38. Qxc2 Bxc2 39. Rd7 d3 40. Rxd6+ Kg7 41. Rxb6 Rd8 42. Rd2 h5 43. Kg2 Rd4 44. Kf3 Rb4 45. Ke3 Re4+ 46. Kf3 Rb4 47. Rb8 Kf7 48. b6 Ke7 49. b7 Kd7 50. Rh8 Rxb7 51. Rh7+ Kc6 52. Rxb7 Kxb7 53. Ke3 Kc6 54. Kd4 Kd6 55. Rf2 Ke6 56. Kc5 Bd1 57. Rd2 Bc2 58. Kc6 Ke7 59. Kd5 Kf6 60. Kd6 Bb1 61. Kd5 Bc2 62. Rf2 Bd1 63. Kd4 Bc2 64. Ke3 Kg6 65. Rf1 Kh6 66. Ra1 Kg6 67. Ra6+ Kg7 68. Rd6 Kf7 69. Rh6 1-0

[Event "Wch-Blitz"]
[Site "Berlin GER"]
[Date "2015.10.13"]
[Round "4"]
[White "Wendt, Jan Dietrich"]
[Black "Hansen, Eric"]
[Result "0-1"]
[WhiteElo "2332"]
[BlackElo "2573"]
[PlyCount "49"]
[GameId "2130307652044257"]
[EventDate "2015.10.13"]
[EventType "swiss (blitz)"]
[EventRounds "21"]
[EventCountry "GER"]
[SourceTitle "Mega2015 Update 47"]
[Source "Chessbase"]
[SourceDate "2015.10.16"]
[SourceVersion "1"]
[SourceVersionDate "2015.10.16"]
[SourceQuality "1"]

1. Nf3 Nf6 2. c4 g6 3. Nc3 c5 4. d4 cxd4 5. Nxd4 Bg7 6. e4 d6 7. Be2 O-O 8. O-O Nc6 9. Be3 Bd7 10. Qd2 Rc8 11. f3 a6 12. Rac1 Re8 13. Rfd1 h5 14. Kh1 h4 15. Nb3 Ne5 16. c5 dxc5 17. Nxc5 Bc6 18. Qe1 Qb6 19. Qxh4 Qxb2 20. Bf1 Qa3 21. Qe1 Red8 22. Nb3 Rxd1 23. Rxd1 Ned7 24. Bg1 e6 25. e5 0-1

[Event "Wch-Blitz"]
[Site "Berlin GER"]
[Date "2015.10.13"]
[Round "5"]
[White "Hansen, Eric"]
[Black "Navara, David"]
[Result "0-1"]
[WhiteElo "2573"]
[BlackElo "2734"]
[PlyCount "86"]
[GameId "2130307652048382"]
[EventDate "2015.10.13"]
[EventType "swiss (blitz)"]
[EventRounds "21"]
[EventCountry "GER"]
[SourceTitle "Mega2015 Update 47"]
[Source "Chessbase"]
[SourceDate "2015.10.16"]
[SourceVersion "1"]
[SourceVersionDate "2015.10.16"]
[SourceQuality "1"]

1. Nf3 d5 2. g3 c6 3. Bg2 Bg4 4. c4 e6 5. Qb3 Qb6 6. d3 Nf6 7. Be3 Qxb3 8. axb3 Bb4+ 9. Nc3 a5 10. h3 Bxf3 11. Bxf3 Nbd7 12. Kd1 O-O 13. Bg2 Rfc8 14. g4 h6 15. f4 b5 16. Rf1 Rab8 17. Kc2 Nb6 18. c5 Nbd7 19. d4 Ra8 20. Na2 Ne4 21. Nc1 Ng3 22. Rf3 Ne4 23. Nd3 f6 24. Rff1 Ng3 25. Rf3 Ne4 26. Rff1 e5 27. fxe5 fxe5 28. Nxb4 axb4 29. dxe5 Nexc5 30. g5 hxg5 31. Bxg5 Ne6 32. Bd2 Nxe5 33. Bxb4 Nd4+ 34. Kc3 Nxe2+ 35. Kd2 Nd4 36. Rxa8 Rxa8 37. Bc3 Nxb3+ 38. Kc2 d4 39. Kxb3 dxc3 40. Kxc3 Ra4 41. b3 Ra2 42. Be4 c5 43. Rf5 b4# 0-1

[Event "Wch-Blitz"]
[Site "Berlin GER"]
[Date "2015.10.13"]
[Round "6"]
[White "Ladva, Ottomar"]
[Black "Hansen, Eric"]
[Result "0-1"]
[WhiteElo "2423"]
[BlackElo "2573"]
[PlyCount "100"]
[GameId "2130307652052578"]
[EventDate "2015.10.13"]
[EventType "swiss (blitz)"]
[EventRounds "21"]
[EventCountry "GER"]
[SourceTitle "Mega2015 Update 47"]
[Source "Chessbase"]
[SourceDate "2015.10.16"]
[SourceVersion "1"]
[SourceVersionDate "2015.10.16"]
[SourceQuality "1"]

1. Nf3 Nf6 2. c4 b6 3. d4 Bb7 4. g3 g6 5. Bg2 Bg7 6. O-O O-O 7. Nc3 Ne4 8. Qc2 Nxc3 9. Qxc3 c5 10. Be3 Nc6 11. Qd2 d6 12. d5 Na5 13. Rac1 Re8 14. Bh6 Bh8 15. Rfd1 e5 16. dxe6 Rxe6 17. Ng5 Re7 18. Bxb7 Nxb7 19. b3 Qe8 20. Qd5 Rd8 21. Rd3 Na5 22. e3 Nc6 23. Rd2 Ne5 24. h3 Nc6 25. Rcd1 Bc3 26. Qd3 Bxd2 27. Qxd2 Ne5 28. Kg2 Qc6+ 29. Qd5 Qxd5+ 30. Rxd5 f5 31. Rd1 Rdd7 32. Rd2 Nf7 33. Nxf7 Kxf7 34. Bf4 Ke6 35. Rd5 b5 36. g4 bxc4 37. bxc4 Re8 38. gxf5+ gxf5 39. e4 fxe4 40. Rh5 Rf7 41. Bg3 Rg8 42. Kh2 Rg6 43. Rd5 Kd7 44. Rd1 Kc6 45. Re1 Re6 46. Re3 Rb7 47. Ra3 Rb4 48. Rxa7 Rxc4 49. a4 Rc2 50. Kg1 e3 0-1

[Event "Wch-Blitz"]
[Site "Berlin GER"]
[Date "2015.10.13"]
[Round "7"]
[White "Hansen, Eric"]
[Black "Bruzon Batista, Lazaro"]
[Result "0-1"]
[WhiteElo "2573"]
[BlackElo "2659"]
[PlyCount "84"]
[GameId "2130307652056740"]
[EventDate "2015.10.13"]
[EventType "swiss (blitz)"]
[EventRounds "21"]
[EventCountry "GER"]
[SourceTitle "Mega2015 Update 47"]
[Source "Chessbase"]
[SourceDate "2015.10.16"]
[SourceVersion "1"]
[SourceVersionDate "2015.10.16"]
[SourceQuality "1"]

1. Nf3 Nf6 2. g3 d5 3. Bg2 c6 4. O-O Bg4 5. c4 e6 6. Qb3 Qb6 7. d3 Nbd7 8. Be3 Qxb3 9. axb3 a6 10. Nc3 Bd6 11. h3 Bh5 12. cxd5 exd5 13. Nd4 O-O 14. Nc2 Rfe8 15. b4 h6 16. Rfe1 Nf8 17. Na4 Ne6 18. Nc5 Nxc5 19. bxc5 Bc7 20. Kf1 g5 21. Bd4 Nd7 22. b4 Nf8 23. Ne3 Ne6 24. Bb2 Bg6 25. Ng4 d4 26. Nf6+ Kg7 27. Nxe8+ Rxe8 28. Rac1 Kh7 29. Rc4 Be5 30. e4 dxe3 31. Bxe5 Bxd3+ 32. Kg1 exf2+ 33. Kxf2 Bxc4 34. Be4+ Kg8 35. Bf6 Bd5 36. Bf5 Ra8 37. h4 a5 38. bxa5 Rxa5 39. hxg5 hxg5 40. Rb1 Nxc5 41. Bxg5 Be4 42. Rd1 Bxf5 0-1

[Event "Wch-Blitz"]
[Site "Berlin GER"]
[Date "2015.10.13"]
[Round "8"]
[White "Hansen, Eric"]
[Black "Kovalenko, Igor"]
[Result "1/2-1/2"]
[WhiteElo "2573"]
[BlackElo "2700"]
[PlyCount "94"]
[GameId "2130307652060928"]
[EventDate "2015.10.13"]
[EventType "swiss (blitz)"]
[EventRounds "21"]
[EventCountry "GER"]
[SourceTitle "Mega2015 Update 47"]
[Source "Chessbase"]
[SourceDate "2015.10.16"]
[SourceVersion "1"]
[SourceVersionDate "2015.10.16"]
[SourceQuality "1"]

1. Nf3 Nf6 2. g3 c5 3. Bg2 g6 4. O-O Bg7 5. c4 O-O 6. d4 cxd4 7. Nxd4 Qc7 8. b3 d5 9. cxd5 Nxd5 10. Bb2 Qc5 11. Qc1 Qxc1 12. Rxc1 Rd8 13. Bxd5 Na6 14. Bf3 Bxd4 15. Bxd4 Rxd4 16. Nc3 Rb8 17. Nb5 Rb4 18. Nc7 Nxc7 19. Rxc7 Kf8 20. Rd1 Be6 21. h4 h5 22. Kg2 a5 23. Rd2 b6 24. Bc6 a4 25. bxa4 Rc4 26. f3 Kg7 27. Kf2 Kf6 28. Rb2 Rd8 29. Rxb6 Rc2 30. Rbb7 Bc4 31. Rxe7 Rdd2 32. Bb5 Rxe2+ 33. Rxe2 Rxe2+ 34. Kg1 Bxb5 35. axb5 Rxa2 36. b6 Rb2 37. Rb8 Kf5 38. b7 Kf6 39. Kf1 Kg7 40. Ke1 Rb6 41. Kd2 Rb5 42. Kd3 Rb1 43. g4 hxg4 44. fxg4 Rb4 45. Kc3 Rb6 46. h5 gxh5 47. gxh5 Kh7 1/2-1/2

[Event "Wch-Blitz"]
[Site "Berlin GER"]
[Date "2015.10.13"]
[Round "9"]
[White "Ragger, Markus"]
[Black "Hansen, Eric"]
[Result "1-0"]
[WhiteElo "2698"]
[BlackElo "2573"]
[PlyCount "111"]
[GameId "2130307652065139"]
[EventDate "2015.10.13"]
[EventType "swiss (blitz)"]
[EventRounds "21"]
[EventCountry "GER"]
[SourceTitle "Mega2015 Update 47"]
[Source "Chessbase"]
[SourceDate "2015.10.16"]
[SourceVersion "1"]
[SourceVersionDate "2015.10.16"]
[SourceQuality "1"]

1. d4 Nf6 2. c4 g6 3. Nc3 d5 4. cxd5 Nxd5 5. Bd2 Bg7 6. e4 Nb6 7. Be3 O-O 8. h3 e5 9. dxe5 Bxe5 10. Nf3 Bg7 11. Qc1 Qe7 12. Be2 Re8 13. O-O Nc6 14. Bh6 Bh8 15. Re1 Be6 16. Bb5 Qc5 17. Be3 Qb4 18. a3 Qe7 19. e5 Nd5 20. Bxc6 bxc6 21. Bg5 Qc5 22. Ne4 Qxc1 23. Raxc1 Reb8 24. Re2 Rb6 25. Nf6+ Nxf6 26. exf6 h6 27. Be3 Rbb8 28. Bd4 Bd5 29. Bc3 Re8 30. Rce1 Rxe2 31. Rxe2 g5 32. h4 Kh7 33. h5 g4 34. Nh2 Rg8 35. Nf1 Rd8 36. Re7 Rc8 37. Ne3 Be6 38. Kh2 Kg8 39. Kg3 Kh7 40. Nxg4 Rg8 41. f3 Rg5 42. Kh4 Rc5 43. Rxc7 a5 44. Re7 a4 45. Re8 Rc4 46. g3 Rc5 47. f4 Rd5 48. Nxh6 Rd1 49. Ng4 Rh1+ 50. Kg5 Rg1 51. f5 Bd5 52. Be5 Rf1 53. Ne3 Re1 54. Nxd5 cxd5 55. Re7 d4 56. Bxd4 1-0